[Event "BOL-ch (Women)"]
[Site "Santa Cruz"]
[Date "2023.06.08"]
[Round "3"]
[White "Ramirez, Maria Eugenia"]
[Black "Monroy Garzon, Nataly Alejandra"]
[Result "1-0"]
[WhiteElo "1941"]
[BlackElo "1865"]
[PlyCount "113"]
[EventDate "2023.06.07"]
[EventType "tourn"]
[EventRounds "7"]
[EventCountry "BOL"]
[SourceTitle "CBM 215 Extra"]
[Source "ChessBase"]
[SourceDate "2023.09.30"]
[SourceVersion "1"]
[SourceVersionDate "2023.09.30"]
[SourceQuality "1"]

1. e4 c5 2. c3 g6 3. Na3 d5 4. exd5 Qxd5 5. Nf3 Bg7 6. Bc4 Qd8 7. Qb3 e6 8. 0-0 Ne7 9. d4 cxd4 10. Nxd4 0-0 11. Bg5 h6 12. Bh4 g5 13. Bg3 Nbc6 14. Nxc6 bxc6 15. Rad1 Qb6 16. Bd6 Re8 17. Bd3 Ba6 18. Qc2 Nf5 19. Bxa6 Qxa6 20. Rfe1 Nxd6 21. Rxd6 Bf8 22. Rd4 Bxa3 23. Ra4 Qb6 24. Rxa3 Rad8 25. Qe2 Rd5 26. c4 Rf5 27. Rh3 Kg7 28. Rd1 Rd8 29. Rxd8 Qxd8 30. Rd3 Qa5 31. b3 Re5 32. Re3 Rxe3 33. fxe3 Qf5 34. Qd1 c5 35. a3 Qe4 36. Qc1 g4 37. b4 Qe5 38. bxc5 Qxc5 39. Qc3+ e5 40. Kf2 h5 41. Qb4 Qc6 42. c5 Qf6+ 43. Ke2 Qf5 44. Qc3 h4 45. c6 h3 46. gxh3 Qf3+ 47. Kd2 Qd5+ 48. Kc2 Qg2+ 49. Kb3 Qd5+ 50. Qc4 Qd1+ 51. Kb4 gxh3 52. c7 Qd2+ 53. Ka4 Qd7+ 54. Ka5 Qd2+ 55. Kb5 Qb2+ 56. Kc6 Qb6+ 57. Kd7 1-0

[Event "Oruro op 4th"]
[Site "Oruro"]
[Date "2023.02.11"]
[Round "5"]
[White "Montevilla Cahuasa, Sebastian"]
[Black "Ramirez, Maria Eugenia"]
[Result "0-1"]
[WhiteElo "1258"]
[BlackElo "1990"]
[PlyCount "116"]
[EventDate "2023.02.09"]
[EventType "swiss"]
[EventRounds "7"]
[EventCountry "BOL"]
[SourceTitle "CBM 213 Extra"]
[Source "ChessBase"]
[SourceDate "2023.05.31"]
[SourceVersion "1"]
[SourceVersionDate "2023.05.31"]
[SourceQuality "1"]

1. e4 e5 2. Nf3 Nc6 3. Bc4 Nf6 4. d3 Bc5 5. Be3 Qe7 6. 0-0 d6 7. Nbd2 Bg4 8. Bxc5 dxc5 9. h3 Bh5 10. c3 0-0 11. Qc2 Na5 12. Nh4 Nd7 13. Nf5 Qg5 14. Ng3 Bg6 15. Nf3 Qe7 16. Bb3 Rad8 17. Rad1 Nb6 18. Ba4 a6 19. d4 cxd4 20. cxd4 exd4 21. Nxd4 Qb4 22. Qxc7 Rxd4 23. Rxd4 Qxd4 24. Bc2 Rc8 25. Qe7 Qc5 26. Qxc5 Rxc5 27. Bb1 Nc6 28. Rd1 h5 29. f3 f6 30. a3 Kf8 31. Ne2 Bf7 32. Nf4 Ne5 33. b4 Rc3 34. Kh2 Ke7 35. Ne2 Rxa3 36. Nd4 g6 37. f4 Nc6 38. Nf3 Rb3 39. Ba2 Rxb4 40. Bxf7 Kxf7 41. Re1 Nd4 42. Rc1 Nxf3+ 43. gxf3 Rc4 44. Rb1 Rc6 45. Kg2 a5 46. Kf2 a4 47. Ke3 Ke7 48. e5 fxe5 49. fxe5 Ke6 50. Kf4 a3 51. Kg5 a2 52. Ra1 Rc2 53. Kxg6 Kxe5 54. Kxh5 Kf5 55. f4 Nd5 56. h4 Nf6+ 57. Kh6 Rc7 58. Re1 Rh7# 0-1

[Event "Florianopolis op 9th"]
[Site "Florianopolis"]
[Date "2023.01.26"]
[Round "5"]
[White "Ramirez, Maria Eugenia"]
[Black "Silverio, Vitor Luis de Jesus"]
[Result "1-0"]
[WhiteElo "2007"]
[BlackElo "1682"]
[PlyCount "131"]
[EventDate "2023.01.23"]
[EventType "swiss"]
[EventRounds "10"]
[EventCountry "BRA"]
[SourceTitle "CBM 212 Extra"]
[Source "ChessBase"]
[SourceDate "2023.03.31"]
[SourceVersion "1"]
[SourceVersionDate "2023.03.31"]
[SourceQuality "1"]

1. e4 c5 2. Na3 Nc6 3. Nf3 Nf6 4. Qe2 d6 5. c3 Bg4 6. h3 Bh5 7. Nc2 e6 8. d3 Ne5 9. d4 Nxf3+ 10. gxf3 a6 11. Bg5 Be7 12. Rg1 h6 13. Bf4 Qb6 14. 0-0-0 0-0-0 15. Ne3 cxd4 16. Rxd4 g5 17. Nc4 Qc7 18. Be3 d5 19. exd5 Nxd5 20. Kb1 Bf6 21. Rd2 Kb8 22. Bd4 Bxd4 23. Rxd4 Nf4 24. Qe3 Rxd4 25. cxd4 Rd8 26. h4 f6 27. Nd2 Bg6+ 28. Ne4 Qd7 29. Qb3 Qxd4 30. Bxa6 Bxe4+ 31. fxe4 Qxe4+ 32. Ka1 Rc8 33. a3 Qd5 34. Qb4 e5 35. hxg5 fxg5 36. Re1 Nd3 37. Bxd3 Qxd3 38. Rxe5 Rc1+ 39. Ka2 Qc4+ 40. Qxc4 Rxc4 41. Re8+ Ka7 42. Rh8 Rc6 43. a4 Kb6 44. Rh7 Rf6 45. Ka3 Kc5 46. b4+ Kc6 47. a5 Rf3+ 48. Ka4 Rxf2 49. Rxh6+ Kc7 50. Rh7+ Kc8 51. Rg7 Rf5 52. Rg8+ Kc7 53. Rg7+ Kc8 54. Kb3 Kb8 55. Kc4 Kc8 56. b5 Re5 57. Kb4 Rf5 58. Rg8+ Kc7 59. b6+ Kc6 60. Rg6+ Kd7 61. Rg7+ Kc6 62. Rc7+ Kd6 63. Rxb7 Rf4+ 64. Kb5 Rf5+ 65. Ka6 Rc5 66. Rg7 1-0

[Event "Florianopolis op 9th"]
[Site "Florianopolis"]
[Date "2023.01.26"]
[Round "6"]
[White "Rodi, Luis Ernesto"]
[Black "Ramirez, Maria Eugenia"]
[Result "1/2-1/2"]
[WhiteElo "2295"]
[BlackElo "2007"]
[PlyCount "142"]
[EventDate "2023.01.23"]
[EventType "swiss"]
[EventRounds "10"]
[EventCountry "BRA"]
[SourceTitle "CBM 212 Extra"]
[Source "ChessBase"]
[SourceDate "2023.03.31"]
[SourceVersion "1"]
[SourceVersionDate "2023.03.31"]
[SourceQuality "1"]

1. e4 e5 2. Nf3 Nc6 3. Bb5 Nd4 4. Nxd4 exd4 5. 0-0 h5 6. d3 Bc5 7. Nd2 c6 8. Ba4 d6 9. c4 Bg4 10. Qe1 Qa5 11. Bd1 Qc7 12. f3 Be6 13. a3 a5 14. Rb1 Ba7 15. f4 Nf6 16. Nf3 Bg4 17. Bd2 Bb6 18. h3 Bxf3 19. Bxf3 Nd7 20. Qe2 g6 21. b4 0-0-0 22. Rb2 f5 23. Rfb1 Ba7 24. bxa5 Nc5 25. Bb4 Na4 26. Rc2 Nc3 27. Bxc3 dxc3+ 28. Kh2 Qxa5 29. Qe1 Bd4 30. Qg3 Rhg8 31. Qg5 Rdf8 32. Qe7 Qc7 33. Qe6+ Kd8 34. c5 dxc5 35. e5 Re8 36. Qb3 Kc8 37. h4 Rh8 38. g3 g5 39. hxg5 h4 40. Rh1 hxg3+ 41. Kxg3 Bxe5 42. Qc4 Rxh1 43. Bxh1 b5 44. Qxc5 Bxf4+ 45. Kg2 Bd2 46. Qxf5+ Kb7 47. Qf2 Qe5 48. Kf1 Qxg5 49. Be4 Qe7 50. Ke2 Qe5 51. Ra2 Rh8 52. Qf7+ Kb6 53. Kd1 Rh1+ 54. Kc2 Rc1+ 55. Kb3 Rb1+ 56. Kc2 Rc1+ 57. Kb3 Rb1+ 58. Kc2 Rb2+ 59. Rxb2 cxb2 60. Qf2+ Qc5+ 61. Qxc5+ Kxc5 62. Kxb2 Be3 63. Kb3 Bd2 64. Bh7 Kd4 65. Bg6 Kc5 66. Bf5 Be1 67. Bd7 Bd2 68. Be8 Be1 69. Kc2 Bf2 70. Bd7 Kd6 71. Be8 Kc5 1/2-1/2

[Event "Olympiad Women-44"]
[Site "Chennai"]
[Date "2022.08.09"]
[Round "11.2"]
[White "Abrorova, Sabrina"]
[Black "Ramirez, Maria Eugenia"]
[Result "1/2-1/2"]
[WhiteElo "1799"]
[BlackElo "2005"]
[PlyCount "156"]
[EventDate "2022.07.29"]
[EventType "team-swiss"]
[EventRounds "11"]
[EventCountry "IND"]
[SourceTitle "CBM 210"]
[Source "ChessBase"]
[SourceDate "2022.10.31"]
[SourceVersion "1"]
[SourceVersionDate "2022.10.31"]
[SourceQuality "1"]
[WhiteTeam "Tajikistan (W)"]
[BlackTeam "Bolivia (W)"]
[WhiteTeamCountry "TJK"]
[BlackTeamCountry "BOL"]

1. d4 Nf6 2. Nf3 c5 3. d5 e6 4. c4 exd5 5. cxd5 d6 6. Nc3 g6 7. g3 Bg7 8. Bg2 0-0 9. 0-0 b6 10. a4 Ba6 11. Re1 Re8 12. e4 Ng4 13. h3 Ne5 14. Nxe5 Bxe5 15. f4 Bd4+ 16. Be3 Bg7 17. Bf2 Bb7 18. Qd2 Na6 19. Rad1 Qd7 20. b3 Nb4 21. Na2 Na6 22. a5 Qb5 23. axb6 Qxb6 24. Bf1 Re7 25. Bc4 Rae8 26. Nc3 Bc8 27. Kh2 Nb4 28. Na4 Qb7 29. e5 Qd7 30. exd6 Qxh3+ 31. Kg1 Rxe1+ 32. Rxe1 Rd8 33. Nxc5 a5 34. Bf1 Qf5 35. d7 Bxd7 36. Nxd7 Qxd7 37. d6 Bf8 38. Bb6 Rc8 39. Bxa5 Qa7+ 40. Kh1 Qxa5 41. d7 Rd8 42. Re8 Qb6 43. Bg2 Na6 44. Kh2 Qb8 45. Bc6 Nc7 46. Qd6 Rxe8 47. dxe8Q Qxe8 48. Qxc7 Qe2+ 49. Bg2 h5 50. Qc4 Qf2 51. Kh3 h4 52. gxh4 Qe3+ 53. Kg4 Kg7 54. Bf3 Be7 55. Qe2 Qg1+ 56. Qg2 Qc5 57. Kh3 Kh6 58. Bd5 f5 59. Bf7 Qd6 60. Qg3 Kg7 61. Be8 Kh7 62. b4 Bd8 63. b5 Qe6 64. Bc6 Bb6 65. Bf3 Qe8 66. h5 gxh5 67. Qg5 Qxb5 68. Qxh5+ Kg7 69. Qg5+ Kh7 70. Qe7+ Kg8 71. Qe6+ Kg7 72. Qe7+ Kg8 73. Qg5+ Kh7 74. Qe7+ Kg8 75. Qe6+ Kg7 76. Qe7+ Kg8 77. Qe6+ Kg7 78. Qe7+ Kg8 1/2-1/2

[Event "Olympiad Women-44"]
[Site "Chennai"]
[Date "2022.08.07"]
[Round "9.2"]
[White "Ramirez, Maria Eugenia"]
[Black "Zhang, Jilin"]
[Result "0-1"]
[WhiteElo "2005"]
[BlackElo "2212"]
[PlyCount "124"]
[EventDate "2022.07.29"]
[EventType "team-swiss"]
[EventRounds "11"]
[EventCountry "IND"]
[SourceTitle "CBM 210"]
[Source "ChessBase"]
[SourceDate "2022.10.31"]
[SourceVersion "1"]
[SourceVersionDate "2022.10.31"]
[SourceQuality "1"]
[WhiteTeam "Bolivia (W)"]
[BlackTeam "Australia (W)"]
[WhiteTeamCountry "BOL"]
[BlackTeamCountry "AUS"]

1. e4 c5 2. Na3 g6 3. c3 Bg7 4. Nf3 Nc6 5. Bb5 Nf6 6. Qe2 0-0 7. 0-0 d5 8. e5 Ng4 9. Bxc6 bxc6 10. h3 Nh6 11. Rd1 f6 12. d4 cxd4 13. cxd4 fxe5 14. Nxe5 Qb6 15. Qc2 Nf5 16. Qxc6 Qxc6 17. Nxc6 Bb7 18. Na5 Ba6 19. Be3 Rac8 20. Nb3 Bc4 21. Nd2 Be2 22. Re1 Nxd4 23. Bxd4 Bxd4 24. Rxe2 Bxb2 25. Rd1 Bxa3 26. Nf3 Rfd8 27. Nd4 Rd7 28. Kf1 Rc1 29. Rxc1 Bxc1 30. Rc2 Bf4 31. g3 Be5 32. Nb3 Kf7 33. Rd2 e6 34. Ke2 Rc7 35. Kd3 Rc3+ 36. Ke2 Bf6 37. Kd1 Bd8 38. Re2 Bb6 39. Ke1 g5 40. Rb2 h5 41. a4 h4 42. a5 hxg3 43. fxg3 Bc7 44. Nd4 Bxa5 45. Kf1 Bb6 46. Ne2 Rf3+ 47. Ke1 e5 48. h4 gxh4 49. gxh4 Rh3 50. Kf1 Rxh4 51. Nc3 Ke6 52. Kg2 Rg4+ 53. Kh3 Rg8 54. Rb5 d4 55. Ne4 d3 56. Rb3 Rd8 57. Rb2 Be3 58. Rb1 d2 59. Rd1 Rd4 60. Nc5+ Kd5 61. Nb3 Rd3 62. Na1 Bd4+ 0-1

[Event "BOL-ch (Women)"]
[Site "Santa Cruz"]
[Date "2022.05.22"]
[Round "6"]
[White "Coro, Soledad"]
[Black "Ramirez, Maria Eugenia"]
[Result "0-1"]
[WhiteElo "1713"]
[BlackElo "2005"]
[PlyCount "105"]
[EventDate "2022.05.19"]
[EventType "tourn"]
[EventRounds "7"]
[EventCountry "BOL"]
[SourceTitle "EXT 2023"]
[Source "ChessBase"]
[SourceDate "2022.10.05"]
[SourceVersion "1"]
[SourceVersionDate "2022.10.05"]
[SourceQuality "1"]

1. c4 Nf6 2. Nc3 c6 3. Nf3 g6 4. d4 Bg7 5. Bf4 d6 6. Qd2 Nbd7 7. Bh6 0-0 8. Bxg7 Kxg7 9. e3 a6 10. Be2 b5 11. b4 Bb7 12. 0-0 Qc7 13. Rfc1 Qb6 14. Rab1 Rfd8 15. Qc2 Rac8 16. Qb2 Qa7 17. Qa3 Qb8 18. c5 dxc5 19. bxc5 e5 20. Rd1 exd4 21. exd4 Nf8 22. g3 Ne6 23. Bf1 g5 24. Qc1 h6 25. h3 Rd7 26. Ne2 Rd5 27. Nc3 Rd7 28. Ne2 Rcd8 29. Bg2 Rd5 30. Qc2 Qc8 31. Nc3 Nxd4 32. Nxd4 Rxd4 33. Re1 Rd2 34. Qb3 Qf5 35. Rf1 Qxc5 36. Rbc1 Qe5 37. Rce1 Qd6 38. Re3 Rd7 39. Rfe1 c5 40. Ne4 Bxe4 41. Bxe4 Nxe4 42. Rxe4 Qf6 43. Qe3 c4 44. Qc5 R7d4 45. R4e2 Rxe2 46. Rxe2 Rd1+ 47. Kg2 Qa1 48. Re8 Rg1+ 49. Kf3 Qd1+ 50. Re2 Qd3+ 51. Re3 Qd8 52. Re5 Rd1 53. Qc6 0-1